000 00707nam a2200265Ia 4500
005 20260121165904.0
008 008 260114s9999 xx 000 0 eng d
020 _a9783319394022
037 _aEBOOK
040 _aCRL
040 _beng
040 _cCRL
041 _2eng
041 _aeng
084 _qCRL
100 _aTristan Cazenave, Mark H.M. Winands, Stefan Edelkamp, Stephan Schiffel, Michael Thielscher, Julian Togelius
_91057274
245 0 _aComputer Games
260 _bSpringer
260 _bSpringer
260 _c2016
856 _uhttps://link.springer.com/openurl?genre=book&isbn=978-3-319-39402-2
942 _cEBOOK
999 _c1623002
_d1623002